Por la revolución africana
Saved in:
| Hovedforfatter: | |
|---|---|
| Format: | Bog |
| Sprog: | spansk |
| Udgivet: |
Ciudad de México
Fondo de Cultura Económica
1965
|
| Serier: | Colección Popular Tiempo Presente, 70
|
| Fag: | |
| Tags: |
Tilføj Tag
Ingen Tags, Vær først til at tagge denne postø!
|
MARC
| LEADER | 00000nam a2200000 a 4500 | ||
|---|---|---|---|
| 001 | UCZ9166 | ||
| 003 | CL-VaPUC | ||
| 008 | 960301e19650000MX |||||||||||||||||spa|d | ||
| 082 | 0 | 4 | |a 320.96 |b FAN |2 21 |
| 100 | 0 | |a Fanon, Frantz |e author |9 354409 | |
| 245 | 1 | 0 | |a Por la revolución africana |
| 300 | |a 229 p | ||
| 942 | |c BK | ||
| 945 | |d 19960301 00:00:00 |a rleighto | ||
| 260 | |a Ciudad de México |b Fondo de Cultura Económica |c 1965 | ||
| 650 | 0 | |a Historia |9 255047 | |
| 650 | 7 | |a REVOLUCION |2 CL-VaPUC |9 338298 | |
| 650 | 0 | |a Racismo |9 255805 | |
| 650 | 0 | |a Cultura |9 269059 | |
| 650 | 0 | |a Guerra |9 255876 | |
| 651 | 7 | |a ARGELIA |2 CL-VaPUC |9 322685 | |
| 651 | 0 | |a África |9 256790 | |
| 583 | |a last modification |c 19960301 00:00:00 |k Rodrigo Vera | ||
| 490 | 0 | |a Colección Popular Tiempo Presente, 70 | |
| 999 | |c 244742 |d 244740 | ||
| 952 | |0 0 |1 0 |4 0 |6 320_960000000000000_FAN_1965 |7 0 |8 A |9 258922 |a BIBHIS |b BIBHIS |d 2019-11-19 |i 3173151 |l 2 |o 320.96 FAN 1965 |p 3173151 |r 2025-01-20 |s 2023-11-14 |w 2019-11-19 |y BK |k HIS | ||
| 952 | |0 0 |1 0 |4 0 |6 320_960000000000000_FAN_1965 |7 0 |8 A |9 258923 |a BIBHIS |b BIBHIS |d 2019-11-19 |i 4643585 |l 3 |o 320.96 FAN 1965 |p 4643585 |r 2025-01-20 |s 2023-11-09 |w 2019-11-19 |y BK |k HIS | ||